| 000 | 00787nam a22002297a 4500 | ||
|---|---|---|---|
| 005 | 2010081402022.0 | ||
| 010 | _aENG-100251 | ||
| 020 |
_a9788188893324 _c130.00 |
||
| 035 | _aEN-83783 | ||
| 037 | _bDBAD/PUB | ||
| 082 | _a181.4 | ||
| 100 |
_aSatprem _913216 |
||
| 245 |
_aThe revolt of the earth / _cby Satprem |
||
| 250 | _a3rd rev. ed. | ||
| 260 |
_aMysore _bMeera Aditi Centre _c2009 |
||
| 270 |
_a22, Jayalakshmi Devi College Road, 'I' Block, Ramakrishna Nagar _bMysore _e570022 |
||
| 300 |
_a95p. _c20cm (pbk) |
||
| 650 |
_aSatprem _913217 |
||
| 650 |
_aEvolution (Biology) _913218 |
||
| 942 |
_2ddc _cEN _h181.4 _mSAT |
||
| 999 |
_c41847 _d41847 |
||